000 00791nam a2200289Ia 4500
005 20260324125458.0
008 008 260324s9999 xx 000 0 eng d
020 _a9781003513261
037 _aEBOOK
040 _aCRL
040 _beng
040 _cCRL
041 _2eng
041 _aeng
084 _qCRL
100 _aGail Marshall; Tetsuo Kishi; Lisa Freeman; Jim Davis; Peter Raby
_91178136
245 0 _aLives of Shakespearian Actors, Part II, Volume 2
245 0 _bEdmund Kean, Sarah Siddons and Harriet Smithson by Their Contemporaries
260 _bTaylor and Francis
260 _c2009
365 _a
365 _b82.99
856 _uhttp://www.taylorfrancis.com/books/9781003513261
942 _cEBOOK
999 _c1773440
_d1773440